The new size zero (Record no. 79656)

MARC details
000 -LEADER
fixed length control field 01012cab a22002295a 4500
001 - CONTROL NUMBER
control field L141915
008 - FIXED-LENGTH DATA ELEMENTS--GENERAL INFORMATION
fixed length control field 080115s2008 xxk f 000 0 eng d
035 ## - SYSTEM CONTROL NUMBER
System control number (Sirsi) u141915
041 0# - LANGUAGE CODE
Language code of text/sound track or separate title eng
100 1# - MAIN ENTRY--PERSONAL NAME
Personal name Drerup, Oliver
245 04 - TITLE STATEMENT
Title The new size zero
260 ## - PUBLICATION, DISTRIBUTION, ETC.
Date of publication, distribution, etc. 2008
490 #0 - SERIES STATEMENT
Series statement Building Engineer
Volume/sequential designation 83(1) January 2008, 18-19(2)
520 ## - SUMMARY, ETC.
Summary, etc. Compares and contrasts the UK and Canada's different approaches to delivering energy efficient housing. While Canada adopted a gradual grass routes approach to increase the level of technical debate among key industry players, the UK's "Code for Sustainable Homes" (CSH) was a more top-down approach. Looks at the CSH's limited requirements on air permeability and highlights the advantages of Canada's Super E standard and house programme.
590 ## - LOCAL NOTE (RLIN)
Local note KA
650 24 - SUBJECT ADDED ENTRY--TOPICAL TERM
Topical term or geographic name entry element DCLG CODE FOR SUSTAINABLE HOMES
650 24 - SUBJECT ADDED ENTRY--TOPICAL TERM
Topical term or geographic name entry element SUPER E
651 #4 - SUBJECT ADDED ENTRY--GEOGRAPHIC NAME
Geographic name United Kingdom
Chronological subdivision
651 #4 - SUBJECT ADDED ENTRY--GEOGRAPHIC NAME
Geographic name Canada
690 ## - LOCAL SUBJECT ADDED ENTRY--TOPICAL TERM (OCLC, RLIN)
Topical term or geographic name as entry element BUILT ENVIRONMENT-SUSTAINABLE CONSTRUCTION
942 ## - ADDED ENTRY ELEMENTS (KOHA)
Suppress in OPAC 0
Holdings
Withdrawn status Lost status Source of classification or shelving scheme Damaged status Not for loan Home library Current library Shelving location Date acquired Total Checkouts Full call number Barcode Date last seen Copy number Price effective from Koha item type
    Dewey Decimal Classification     London London Journal article 15/01/2008   L141915 141915-1001 06/08/2019 1 06/08/2019 Journal article